Criminal law / (Record no. 11326)
[ view plain ]
| 000 -LEADER | |
|---|---|
| fixed length control field | 00641cam a22002172 4500 |
| 001 - CONTROL NUMBER | |
| control field | 0000020196 |
| 005 - DATE AND TIME OF LATEST TRANSACTION | |
| control field | 20151217154438.0 |
| 008 - FIXED-LENGTH DATA ELEMENTS--GENERAL INFORMATION | |
| fixed length control field | 110826s xx 000 0 eng d |
| 020 ## - INTERNATIONAL STANDARD BOOK NUMBER | |
| International Standard Book Number | 0582473128 |
| 040 ## - CATALOGING SOURCE | |
| Original cataloging agency | KABU |
| Transcribing agency | KABU |
| 100 1# - MAIN ENTRY--PERSONAL NAME | |
| Personal name | Elliott, Catherine. |
| -- | 0000160117 |
| 245 10 - TITLE STATEMENT | |
| Title | Criminal law / |
| Statement of responsibility, etc. | Catherine Elliott and Frances Quinn. |
| 250 ## - EDITION STATEMENT | |
| Edition statement | 4th ed. |
| 260 ## - PUBLICATION, DISTRIBUTION, ETC. (IMPRINT) | |
| Place of publication, distribution, etc. | London : |
| Name of publisher, distributor, etc. | Longman, |
| Date of publication, distribution, etc. | 2002. |
| 300 ## - PHYSICAL DESCRIPTION | |
| Extent | xxii, 344 p. |
| 650 #0 - SUBJECT ADDED ENTRY--TOPICAL TERM | |
| Topical term or geographic name as entry element | Criminal law |
| Geographic subdivision | England. |
| -- | 0000177786 |
| 700 1# - ADDED ENTRY--PERSONAL NAME | |
| Personal name | Quinn, Frances. |
| -- | 0000160120 |
| 852 1# - LOCATION | |
| -- | p1000 KES |
| 908 ## - PUT COMMAND PARAMETER (RLIN) | |
| Put command parameter | 110826 |
| 950 ## - LOCAL HOLDINGS (RLIN) | |
| -- | 1 |
| Withdrawn status | Lost status | Source of classification or shelving scheme | Not for loan | Home library | Current library | Date acquired | Total Checkouts | Total Renewals | Full call number | Barcode | Date last seen | Date last checked out | Price effective from | Koha item type |
|---|---|---|---|---|---|---|---|---|---|---|---|---|---|---|
| Library of Congress Classification | Kabarak, Main Campus | Kabarak, Main Campus | 17/12/2015 | 24 | 1 | KD7869 .E45 2002 c.1 | 21739 | 10/11/2025 | 24/10/2025 | 17/12/2015 | General Collection |